Sales, marketing, and continuous improvement : six best practices to achieverenue growth and increase customer loyalty (Record no. 34535)

MARC details
000 -LEADER
fixed length control field 00588nam a2200181Ia 4500
020 ## - INTERNATIONAL STANDARD BOOK NUMBER
ISBN 0787908576
050 ## - CALL MARK
Classification number HD 58 .D7S7/
100 ## - STATEMENT OF RESPONSIBILITY--MAIN AUTHOR NAME
Personal name Stowell, Daniel M.
245 #0 - TITLE STATEMENT
Title Sales, marketing, and continuous improvement : six best practices to achieverenue growth and increase customer loyalty
260 ## - PUBLICATION, DISTRIBUTION, ETC. (IMPRINT)
Place of publication San Francisco
260 ## - PUBLICATION, DISTRIBUTION, ETC. (IMPRINT)
Name of publisher Jossey-Bass
260 ## - PUBLICATION, DISTRIBUTION, ETC. (IMPRINT)
Year of publication 1997
300 ## - PHYSICAL DESCRIPTION
Number of Pages 286 p
650 ## - SUBJECT ADDED ENTRY--TOPICAL TERM
Topical Term CORPORATE CULTURE CUSTOMER RELATIONS MARKETING ORGANIZATIONAL CHANGE SELLING WORK GROUPS
942 ## - ADDED ENTRY ELEMENTS (KOHA)
Koha item type Books
Holdings
Withdrawn status Lost status Source of classification or shelving scheme Damaged status Not for loan Permanent Location Current Location Date acquired Accession Number Price effective from Koha item type
    Library of Congress Classification     NILE UNIVERSITY OF NIGERIA - MAIN LIBRARY NILE UNIVERSITY OF NIGERIA - MAIN LIBRARY 04/23/2025 0010331 04/23/2025 Books